[Event "HUN-chT2 Erkel 1617"]
[Site "Hungary"]
[Date "2017.02.12"]
[Round "8.7"]
[White "Mizsei, Janos"]
[Black "Palla, Akos Botond"]
[Result "1-0"]
[WhiteElo "2077"]
[BlackElo "2045"]
[PlyCount "47"]
[EventDate "2016.09.25"]
[EventType "team-tourn"]
[EventRounds "11"]
[EventCountry "HUN"]
[SourceTitle "EXT 2021"]
[Source "ChessBase"]
[SourceDate "2020.10.23"]
[SourceVersion "1"]
[SourceVersionDate "2020.10.23"]
[SourceQuality "1"]
[WhiteTeam "Jaszbereny"]
[BlackTeam "Sarkany DSE"]
[WhiteTeamCountry "HUN"]
[BlackTeamCountry "HUN"]

1. d4 d5 2. c4 e6 3. Nf3 Nf6 4. g3 c6 5. Bg2 dxc4 6. Ne5 Be7 7. 0-0 Nbd7 8. Nxc4 0-0 9. Nc3 c5 10. dxc5 Nxc5 11. Bf4 a5 12. Qc2 Bd7 13. Rfd1 Rc8 14. Nd6 Bxd6 15. Bxd6 Re8 16. Bxc5 Rxc5 17. Bxb7 Qb6 18. Bg2 Rf5 19. e3 Bc6 20. Rd6 Rc5 21. Rad1 Qb7 22. Rxc6 Rxc6 23. Qa4 Nd5 24. Nxd5 1-0

[Event "HUN-chT2 Erkel 1516"]
[Site "Hungary"]
[Date "2015.10.18"]
[Round "3.4"]
[White "Trajber, Csaba"]
[Black "Mizsei, Janos"]
[Result "1-0"]
[WhiteElo "2043"]
[BlackElo "2067"]
[PlyCount "111"]
[EventDate "2015.09.13"]
[EventType "team-tourn"]
[EventRounds "11"]
[EventCountry "HUN"]
[SourceTitle "CBM 170 Extra"]
[Source "ChessBase"]
[SourceDate "2016.02.25"]
[SourceVersion "1"]
[SourceVersionDate "2016.02.25"]
[SourceQuality "1"]
[WhiteTeam "Foti"]
[BlackTeam "Jaszbereny"]
[WhiteTeamCountry "HUN"]
[BlackTeamCountry "HUN"]

1. e4 e6 2. d4 d5 3. Nc3 dxe4 4. Nxe4 Bd7 5. Nf3 Bc6 6. Neg5 Nf6 7. Ne5 Qd5 8. Ngxf7 Rg8 9. f3 Nbd7 10. Bc4 Qa5+ 11. Bd2 Qb6 12. Qe2 Bd5 13. Nxd7 Kxd7 14. Ne5+ Kd8 15. 0-0-0 Bd6 16. Bg5 Re8 17. Rhe1 h6 18. Bh4 c6 19. Nf7+ Kc7 20. Nxd6 Kxd6 21. Qe5+ Kd7 22. Bxd5 cxd5 23. Bxf6 gxf6 24. Qxf6 Rac8 25. Qg7+ Kd6 26. Qxh6 Rc4 27. Qg6 Re7 28. Qf6 Qc6 29. Re2 Qa6 30. Rde1 Kd7 31. a3 b5 32. Re3 b4 33. f4 Qb6 34. f5 bxa3 35. Qxe7+ Kxe7 36. Rxe6+ Qxe6 37. Rxe6+ Kf7 38. c3 a5 39. Kb1 a4 40. Rd6 axb2 41. Kxb2 Rc8 42. Rxd5 Rg8 43. g3 Rh8 44. Ka3 Rxh2 45. Kxa4 Rh3 46. Re5 Rxg3 47. Kb4 Kf6 48. c4 Rd3 49. Kc5 Rd1 50. Kd5 Rd2 51. c5 Rd1 52. c6 Rc1 53. Kd6 Rc4 54. d5 Rc3 55. Re8 Kf7 56. Ra8 1-0

[Event "HUN-chT2 Charousek 1112"]
[Site "Hungary"]
[Date "2011.10.30"]
[Round "2"]
[White "Somogyi, Istvan"]
[Black "Mizsei, Janos"]
[Result "1-0"]
[WhiteElo "2205"]
[BlackElo "2108"]
[PlyCount "48"]
[EventDate "2011.09.25"]
[EventType "team-tourn"]
[EventRounds "11"]
[EventCountry "HUN"]
[SourceTitle "EXT 2013"]
[Source "ChessBase"]
[SourceDate "2012.11.22"]
[SourceVersion "1"]
[SourceVersionDate "2012.11.22"]
[SourceQuality "1"]
[WhiteTeam "MLTC II"]
[BlackTeam "Budapest MTK"]
[WhiteTeamCountry "HUN"]
[BlackTeamCountry "HUN"]

1. d4 d5 2. c4 e6 3. Nc3 Nf6 4. Bg5 Be7 5. e3 Nbd7 6. Nf3 c6 7. Bd3 0-0 8. Qc2 dxc4 9. Bxc4 Qa5 10. 0-0 h6 11. Bh4 e5 12. Rad1 exd4 13. exd4 Nb6 14. Bb3 Bg4 15. Rde1 Bf5 16. Qd2 Bd8 17. Re5 Qxe5 18. dxe5 Nfd7 19. Qf4 Bd3 20. Rd1 g5 21. Nxg5 hxg5 22. Bxg5 Bg6 23. e6 fxe6 24. Bxe6+ Bf7 1-0

[Event "HUN-chT2 Erkel 1011"]
[Site "Hungary"]
[Date "2010.10.10"]
[Round "3.4"]
[White "Bodrogi, Mihaly"]
[Black "Mizsei, Janos"]
[Result "0-1"]
[WhiteElo "2139"]
[BlackElo "2096"]
[PlyCount "125"]
[EventDate "2010.09.12"]
[EventType "team-tourn"]
[EventRounds "11"]
[EventCountry "HUN"]
[SourceTitle "EXT 2012"]
[Source "ChessBase"]
[SourceDate "2011.11.24"]
[SourceVersion "1"]
[SourceVersionDate "2011.11.24"]
[SourceQuality "1"]
[WhiteTeam "Barcza"]
[BlackTeam "Jaszbereny"]
[WhiteTeamCountry "HUN"]
[BlackTeamCountry "HUN"]

1. e4 e6 2. b3 d5 3. exd5 exd5 4. Qe2+ Be7 5. Bb2 Nf6 6. Bxf6 gxf6 7. Qh5 c6 8. Nf3 Nd7 9. d4 Nf8 10. Bd3 Ng6 11. g3 Bd7 12. Nh4 Qa5+ 13. c3 0-0-0 14. 0-0 Nxh4 15. Qxh4 h5 16. Qf4 Qc7 17. Qxc7+ Kxc7 18. Nd2 h4 19. Rae1 Bd6 20. Re3 Rdg8 21. Rf3 Rh6 22. Bf5 Be6 23. Re1 Kd7 24. Nf1 Rg5 25. Ne3 hxg3 26. fxg3 Rg8 27. Ref1 Ke7 28. Kg2 Rgh8 29. Ng4 Bxf5 30. Rxf5 Rg6 31. Nxf6 Rhh6 32. Nh5 Rh7 33. R1f3 Re6 34. g4 Re2+ 35. Rf2 Re3 36. R5f3 Re6 37. h3 Rg6 38. Rf5 Re6 39. R5f3 Rg6 40. Nf4 Rgh6 41. Nd3 Re6 42. Nf4 Reh6 43. Ne2 Re6 44. Ng3 Bxg3 45. Kxg3 Reh6 46. h4 f6 47. h5 Rg7 48. Kh4 Rgh7 49. Re2+ Kd7 50. c4 Rh8 51. Rf5 Kd6 52. a4 a5 53. c5+ Kd7 54. Ref2 Ke6 55. g5 Rxh5+ 56. Kg4 Rh4+ 57. Kg3 Rh3+ 58. Kg2 Rh2+ 59. Kf1 Rxf2+ 60. Rxf2 fxg5 61. b4 Rh4 62. bxa5 Rxd4 63. Rb2 0-1

[Event "HUN-chT2 Erkel 0910"]
[Site "Hungary"]
[Date "2010.03.21"]
[Round "8.5"]
[White "Takacs, Lajos"]
[Black "Mizsei, Janos"]
[Result "1/2-1/2"]
[WhiteElo "2229"]
[BlackElo "2099"]
[PlyCount "82"]
[EventDate "2009.11.08"]
[EventType "team-tourn"]
[EventRounds "11"]
[EventCountry "HUN"]
[SourceTitle "EXT 2011"]
[Source "ChessBase"]
[SourceDate "2010.11.26"]
[SourceVersion "1"]
[SourceVersionDate "2010.11.26"]
[SourceQuality "1"]
[WhiteTeam "Ujszasz"]
[BlackTeam "Jaszbereny"]
[WhiteTeamCountry "HUN"]
[BlackTeamCountry "HUN"]

1. e4 e6 2. d3 d5 3. Nd2 c5 4. Ngf3 Nc6 5. g3 Bd6 6. Bg2 Qc7 7. 0-0 Nge7 8. Re1 0-0 9. Nf1 Bd7 10. Qe2 f6 11. c3 d4 12. h4 Rad8 13. Bd2 Ng6 14. h5 Nge5 15. Nxe5 Bxe5 16. f4 dxc3 17. bxc3 Bd6 18. Be3 e5 19. f5 h6 20. Red1 Be8 21. Bf3 Bf7 22. Bf2 Na5 23. c4 Nc6 24. Kg2 Rd7 25. Be3 Rfd8 26. Qb2 Bf8 27. Be2 Nd4 28. Bxd4 exd4 29. a4 Qe5 30. Bf3 Qe8 31. Qf2 Qe5 32. Nh2 Bd6 33. Qe1 Qe8 34. Qe2 Qe5 35. Qe1 Qe8 36. Qe2 Qe5 37. Qf2 Qe8 38. Qe2 Qe5 39. Nf1 Rb8 40. Rdb1 b6 41. Rb2 Bc7 1/2-1/2

[Event "HUN-chT2 Erkel 0910"]
[Site "Hungary"]
[Date "2010.02.14"]
[Round "6.4"]
[White "Torok, Adam"]
[Black "Mizsei, Janos"]
[Result "1-0"]
[WhiteElo "2119"]
[BlackElo "2099"]
[PlyCount "123"]
[EventDate "2009.11.08"]
[EventType "team-tourn"]
[EventRounds "11"]
[EventCountry "HUN"]
[SourceTitle "EXT 2011"]
[Source "ChessBase"]
[SourceDate "2010.11.26"]
[SourceVersion "1"]
[SourceVersionDate "2010.11.26"]
[SourceQuality "1"]
[WhiteTeam "Vizugy"]
[BlackTeam "Jaszbereny"]
[WhiteTeamCountry "HUN"]
[BlackTeamCountry "HUN"]

1. e4 e6 2. d4 d5 3. Nc3 Nf6 4. Bg5 Bb4 5. e5 h6 6. Bd2 Bxc3 7. bxc3 Ne4 8. Qg4 g6 9. Bd3 Nxd2 10. Kxd2 c5 11. h4 Nc6 12. h5 Qg5+ 13. Qxg5 hxg5 14. Bb5 gxh5 15. g4 h4 16. Nh3 Rg8 17. Rhf1 Ke7 18. Bxc6 bxc6 19. f4 Ba6 20. Rf2 gxf4 21. g5 cxd4 22. cxd4 Rab8 23. Rxf4 Rh8 24. Rg1 Rbg8 25. Rgg4 Bc4 26. a3 a5 27. Rg1 a4 28. Rb1 Bb5 29. Rg1 Rh5 30. Rgg4 Rg6 31. Ke1 Rg8 32. Rf6 Rhh8 33. Rgf4 Rh7 34. Kf2 Rg6 35. Rxg6 fxg6 36. Rf6 Rf7 37. Kf3 Bc4 38. Kg4 Bb3 39. Nf4 Bxc2 40. Rxe6+ Kd7 41. Rd6+ Kc7 42. Nxg6 h3 43. Kxh3 Rf3+ 44. Kh4 Rxa3 45. Nf4 Rf3 46. Ne6+ Kb6 47. Nd8 Bf5 48. Rxc6+ Kb5 49. g6 a3 50. g7 Rh3+ 51. Kg5 Bb1 52. Rc5+ Kb6 53. e6 a2 54. e7 Re3 55. Rc6+ Ka7 56. Re6 Rg3+ 57. Kh4 Rxg7 58. e8Q a1Q 59. Nc6+ Kb6 60. Nb4+ Kb7 61. Qc6+ Ka7 62. Qb6+ 1-0

[Event "Budapest FS06 FM-A"]
[Site "Budapest"]
[Date "2009.06.14"]
[Round "9"]
[White "Mizsei, Janos"]
[Black "Honsch, Pal"]
[Result "1-0"]
[WhiteElo "2044"]
[BlackElo "2045"]
[PlyCount "52"]
[EventDate "2009.06.06"]
[EventType "tourn"]
[EventRounds "9"]
[EventCountry "HUN"]
[SourceTitle "CBM 130 Extra"]
[Source "ChessBase"]
[SourceDate "2009.07.02"]
[SourceVersion "2"]
[SourceVersionDate "2009.07.15"]
[SourceQuality "1"]

1. d4 Nf6 2. Nf3 e6 3. c4 b6 4. g3 Bb7 5. Bg2 c5 6. d5 exd5 7. Nh4 Qc8 8. cxd5 d6 9. Nc3 Nbd7 10. Nf5 a6 11. a4 Ne5 12. e4 c4 13. 0-0 g6 14. Bg5 Nfd7 15. Nh6 Bg7 16. Qe2 Nc5 17. f4 Bxh6 18. Bxh6 Ng4 19. Bh3 Nb3 20. Bxg4 Qc5+ 21. Qf2 Qxf2+ 22. Kxf2 Nxa1 23. Rxa1 Rg8 24. Be2 f6 25. h4 Kf7 26. Bxc4 Rac8 1-0

[Event "Budapest FS06 FM-A"]
[Site "Budapest"]
[Date "2009.06.09"]
[Round "4"]
[White "Mizsei, Janos"]
[Black "Darazs, Zoltan"]
[Result "1/2-1/2"]
[WhiteElo "2044"]
[BlackElo "2234"]
[PlyCount "32"]
[EventDate "2009.06.06"]
[EventType "tourn"]
[EventRounds "9"]
[EventCountry "HUN"]
[SourceTitle "CBM 130 Extra"]
[Source "ChessBase"]
[SourceDate "2009.07.02"]
[SourceVersion "2"]
[SourceVersionDate "2009.07.15"]
[SourceQuality "1"]

1. d4 Nf6 2. c4 g6 3. Nf3 Bg7 4. Nc3 d5 5. cxd5 Nxd5 6. e4 Nxc3 7. bxc3 c5 8. h3 0-0 9. Be2 Nc6 10. Be3 Qc7 11. 0-0 Rd8 12. Rc1 b6 13. d5 Na5 14. c4 e5 15. Bd2 Nb7 16. Bc3 Nd6 1/2-1/2

[Event "Budapest FS06 FM-A"]
[Site "Budapest"]
[Date "2009.06.07"]
[Round "2"]
[White "Mizsei, Janos"]
[Black "Herbold, Manfred"]
[Result "1/2-1/2"]
[WhiteElo "2044"]
[BlackElo "2157"]
[PlyCount "85"]
[EventDate "2009.06.06"]
[EventType "tourn"]
[EventRounds "9"]
[EventCountry "HUN"]
[SourceTitle "CBM 130 Extra"]
[Source "ChessBase"]
[SourceDate "2009.07.02"]
[SourceVersion "2"]
[SourceVersionDate "2009.07.15"]
[SourceQuality "1"]

1. d4 e6 2. c4 Nf6 3. Nf3 Bb4+ 4. Nbd2 d5 5. Qa4+ Nc6 6. a3 Be7 7. Ne5 Bd7 8. Nxd7 Qxd7 9. Nf3 0-0 10. cxd5 exd5 11. Bg5 Ne4 12. Bxe7 Qxe7 13. e3 f5 14. Bb5 Nb8 15. Qb3 c6 16. Bd3 Nd6 17. 0-0 Nd7 18. g3 g5 19. Rae1 Rab8 20. Kg2 Ne4 21. Qc2 Rbe8 22. h4 h6 23. hxg5 hxg5 24. Rh1 Kg7 25. Rh2 Rh8 26. Reh1 Rxh2+ 27. Rxh2 Ndf6 28. Bxe4 Nxe4 29. Ne5 Qf6 30. Qd1 g4 31. Qh1 Ng5 32. Rh4 Rxe5 33. dxe5 Qxe5 34. Qb1 d4 35. exd4 Qd5+ 36. Kf1 Nf3 37. Qd3 Nxh4 38. gxh4 Kg6 39. Qe3 Qh1+ 40. Ke2 Kf7 41. Qf4 Qb1 42. Qc7+ Ke6 43. Qc8+ 1/2-1/2

[Event "Budapest FS04 FM-A"]
[Site "Budapest"]
[Date "2008.04.13"]
[Round "9"]
[White "Mizsei, Janos"]
[Black "Bodrogi, Laszlo"]
[Result "0-1"]
[WhiteElo "2056"]
[BlackElo "2108"]
[PlyCount "86"]
[EventDate "2008.04.05"]
[EventType "tourn"]
[EventRounds "9"]
[EventCountry "HUN"]
[SourceTitle "CBM 123 Extra"]
[Source "ChessBase"]
[SourceDate "2008.05.06"]
[SourceVersion "1"]
[SourceVersionDate "2008.05.06"]
[SourceQuality "1"]

1. d4 Nf6 2. c4 e6 3. Nf3 c5 4. d5 b5 5. dxe6 fxe6 6. cxb5 Be7 7. Nc3 Bb7 8. Bg5 d5 9. e3 0-0 10. Be2 Nbd7 11. 0-0 Qc7 12. a4 Rad8 13. a5 Rfe8 14. Qc2 Nf8 15. Rfd1 d4 16. Bf4 Qc8 17. Na4 Nd5 18. Rac1 Nxf4 19. exf4 Rd5 20. a6 Ba8 21. b6 axb6 22. Nxb6 Qc6 23. Nxd5 Qxd5 24. Bc4 Qh5 25. Be2 Qd5 26. Qc4 Bd6 27. Qxd5 Bxd5 28. Ne5 g5 29. g3 gxf4 30. gxf4 Ng6 31. Bh5 Rb8 32. Bxg6 hxg6 33. a7 Ra8 34. Ra1 Bxe5 35. fxe5 Kf8 36. Rd3 Ke8 37. Rh3 Kd7 38. Ra6 Kc8 39. Rh7 d3 40. Rb6 d2 41. Rb8+ Rxb8 42. Rh8+ Kd7 43. Rh7+ Kc6 0-1